Διεθνείς σχέσεις : εξουσία και δικαιοσύνη
Saved in:
| Main Author: | |
|---|---|
| Other Authors: | |
| Format: | Book |
| Language: | Greek |
| Published: |
Αθήνα :
Παπαζήσης,
1995.
|
| Subjects: | |
| Tags: |
Add Tag
No Tags, Be the first to tag this record!
|
MARC
| LEADER | 00000cam a2200000 i 4500 | ||
|---|---|---|---|
| 001 | 1/29100 | ||
| 008 | 960515s1995 gr | ||| |||| ||gre|| | ||
| 020 | |a 9600211167 | ||
| 035 | |l 10068737 | ||
| 040 | |a GR-MY-UA |b gre |e aacr | ||
| 041 | 0 | |a gre | |
| 082 | 7 | |a 327 |2 (22) | |
| 100 | 1 | |a Κουλουμπής, Θεόδωρος Α., |d 1935- | |
| 245 | 1 | 0 | |a Διεθνείς σχέσεις : |b εξουσία και δικαιοσύνη / |c Θεόδωρος Κουλουμπής ; μετάφραση: Νικηφόρος Σταματάκης. |
| 260 | |a Αθήνα : |b Παπαζήσης, |c 1995. | ||
| 300 | |a xx, 576 σ. : |b εικ. ; |c 25 εκ. | ||
| 504 | |a Περιλαμβάνει βιβλιογραφικές παραπομπές. | ||
| 650 | 0 | 0 | |a International relations. |
| 700 | 1 | |a Σταματάκης, Νικηφόρος, |d 1945- |e trl | |
| 852 | |a INST |b CHIOS |e 19960515 |h 327 ΚΟΥ |p 005200029424 |q 005200029424 |t BK |y 0 | ||
| 852 | |a INST |b RHODES |e 20021112 |h 327 ΚΟΥ |p 005400016126 |q 005400016126 |t BK |y 0 | ||
| 852 | |a INST |b RHODES |e 20041203 |h 327 ΚΟΥ |p 005400018189 |q 005400018189 |t BK |y 0 | ||
| 852 | |a INST |b RHODES |e 20040510 |h 327 ΚΟΥ |p 005400019184 |q 005400019184 |t BK |y 0 | ||
| 852 | |a INST |b RHODES |e 20040510 |h 327 ΚΟΥ |p 005400019185 |q 005400019185 |t BK |y 0 | ||
| 852 | |a INST |b RHODES |e 20040510 |h 327 ΚΟΥ |p 005400019186 |q 005400019186 |t BK |y 0 | ||
| 852 | |a INST |b RHODES |e 20040510 |h 327 ΚΟΥ |p 005400019187 |q 005400019187 |t BK |y 0 | ||
| 852 | |a INST |b RHODES |e 20040510 |h 327 ΚΟΥ |p 005400019191 |q 005400019191 |t BK |y 0 | ||
| 852 | |a INST |b RHODES |e 20030728 |h 327 ΚΟΥ |p 005400020432 |q 005400020432 |t BK |y 0 | ||
| 901 | |a BIBL4-2002-3 | ||
| 922 | |a 4ΕΛΗ |b 200210 |c ΒΙΒΛΙΟΘΗΚΗ |d ΔΕΝΤΡΟ | ||
| 970 | |a ΚΟΥΛΑΚΙΟΤΗ |b ΛΙΤΣΑ |z 2002/11/22 | ||